000 00359 a2200157 4500
001 192724
020 _a978-85-260-1852-5
040 _cMagnum
100 _aMeireles, Cecíla
240 1 0 _aCanção da tarde no campo
_lpor
245 1 0 _aCanção da tarde no campo
300 _a8
362 0 _a2013
697 _aLITERATURA INFANTO-JUVENIL
942 _cBK
999 _c192724
_d192724